Statistics for Cities to Countries - Oceania

Click here to take the quiz!

General Stats

  • This quiz has been taken 25 times
  • The average score is 12 of 14

Answer Stats

City Country % Correct
AucklandNew Zealand
100%
BrisbaneAustralia
100%
ApiaSamoa
95%
Nuku'alofaTonga
95%
Port MoresbyPapua New Guinea
91%
FunafutiTuvalu
86%
LautokaFiji
86%
LuganvilleVanuatu
82%
KoloniaMicronesia
82%
KororPalau
82%
GizoSolomon Islands
82%
DenigomoduNauru
77%
Delap-Uliga-DjarritMarshall Islands
77%
RungataKiribati
77%

Score Distribution

Percentile by Number Answered

Percent of People with Each Score

Your Score History

You have not taken this quiz